[Event "Schachfestival Basel"]
[Site "?"]
[Date "2017.01.02"]
[Round "1.1"]
[White "Safarli, Eltaj"]
[Black "Haag, Gregor"]
[Result "1-0"]
[WhiteElo "2686"]
[BlackElo "2251"]
[PlyCount "65"]
[EventDate "2017.01.??"]
[EventType "swiss"]
[EventRounds "9"]

1. e4 e5 2. Nc3 Nf6 3. g3 Nc6 4. Bg2 Bc5 5. Nge2 d6 6. Na4 a6 7. Nxc5 dxc5 8.
d3 Be6 9. Be3 Qd6 10. h3 O-O-O 11. b3 Nd7 12. O-O h5 13. f4 f6 14. Qd2 exf4 15.
Nxf4 Bf7 16. Qf2 Nd4 17. Rad1 Ne6 18. c3 Nxf4 19. Bxf4 Qe7 20. d4 Bg6 21. Rfe1
Bh7 22. b4 g5 23. Bd2 cxd4 24. cxd4 Kb8 25. a4 Qd6 26. b5 axb5 27. axb5 Nb6 28.
d5 Rhf8 29. Ra1 Qe5 30. Be3 f5 31. Bd4 Qe8 32. Bxb6 cxb6 33. Qxb6 1-0

[Event "Schachfestival Basel"]
[Site "?"]
[Date "2017.01.02"]
[Round "1.2"]
[White "Pratyusha, Bodda"]
[Black "Bauer, Christian"]
[Result "1/2-1/2"]
[WhiteElo "2247"]
[BlackElo "2635"]
[PlyCount "163"]
[EventDate "2017.01.??"]
[EventType "swiss"]
[EventRounds "9"]

1. d4 a6 2. e4 e6 3. Nf3 d5 4. exd5 exd5 5. Bd3 Nc6 6. c3 Bd6 7. h3 Nge7 8. Qc2
h6 9. a4 Be6 10. Nbd2 O-O 11. O-O Ng6 12. Nb3 Qf6 13. Qd1 Rfe8 14. Nc5 Bxc5 15.
dxc5 Nh4 16. Nxh4 Qxh4 17. Be3 Rad8 18. Bd4 Nxd4 19. cxd4 g6 20. Bc2 b6 21. b4
a5 22. Qd2 axb4 23. Qxb4 Rb8 24. Rfe1 Bd7 25. Rab1 Qg5 26. Qc3 Kg7 27. Re5 Rxe5
28. dxe5 d4 29. Qxd4 Bxh3 30. g3 Rd8 31. Qf4 Qxf4 32. gxf4 Rd4 33. cxb6 cxb6
34. Kh2 Be6 35. Kg3 Rc4 36. Bd1 Rc6 37. Rb4 h5 38. f3 Rc1 39. Rd4 Kf8 40. Rd6
Ke7 41. Be2 Rg1+ 42. Kf2 Rb1 43. Kg3 Rb3 44. Rd4 Bd7 45. Bd1 Rb2 46. Rd3 Be6
47. Rd4 f6 48. exf6+ Kxf6 49. Rd6 Ke7 50. Rd4 Bf5 51. Rd5 Be6 52. Rd4 Bd7 53.
Re4+ Kf7 54. Rd4 Be6 55. Rd6 Rb4 56. Bc2 g5 57. f5 h4+ 58. Kh2 Ba2 59. Kh3 Rf4
60. Bd1 Rxf5 61. Rxb6 Be6 62. Kh2 Re5 63. Bb3 Re2+ 64. Kg1 Bxb3 65. Rxb3 Ra2
66. Rb4 Kg6 67. Rg4 Kf5 68. Rb4 Rc2 69. Rd4 h3 70. Rg4 Ra2 71. Kh1 Ra3 72. Rg3
Rxa4 73. Rxh3 Kf4 74. Kg2 Ra2+ 75. Kg1 Ra3 76. Kg2 Rd3 77. Rg3 Rd2+ 78. Kh3 Rf2
79. Rg4+ Kxf3 80. Rxg5 Ke2 81. Rg2 Rxg2 82. Kxg2 1/2-1/2

[Event "Schachfestival Basel"]
[Site "?"]
[Date "2017.01.02"]
[Round "1.3"]
[White "Van Foreest, Jorden"]
[Black "Low, Zhen Yu Cyrus"]
[Result "0-1"]
[WhiteElo "2612"]
[BlackElo "2245"]
[PlyCount "78"]
[EventDate "2017.01.??"]
[EventType "swiss"]
[EventRounds "9"]

1. e4 c5 2. Nc3 Nc6 3. Bb5 Nd4 4. Nf3 g6 5. Nxd4 cxd4 6. Ne2 Bg7 7. O-O Nf6 8.
d3 O-O 9. c3 dxc3 10. Nxc3 a6 11. Bc4 b5 12. Bb3 d6 13. Bg5 h6 14. Be3 Bb7 15.
Qd2 Kh7 16. f3 d5 17. Qf2 d4 18. Bxd4 Nxe4 19. Bb6 Nxf2 20. Bxd8 Raxd8 21. Kxf2
Rxd3 22. Rfd1 Rxd1 23. Rxd1 Bc6 24. Nd5 e6 25. Nb4 Bb7 26. Rd7 Bc8 27. Rc7 Be5
28. Rc2 Bb7 29. Nc6 Bxb2 30. Ne7 Bd4+ 31. Ke2 Bb6 32. a4 Kg7 33. Nc6 Rc8 34. a5
Bg1 35. Nb4 Rxc2+ 36. Bxc2 Bxh2 37. Be4 Bc8 38. Kd3 Bc7 39. Nc6 f5 0-1

[Event "Schachfestival Basel"]
[Site "?"]
[Date "2017.01.02"]
[Round "1.4"]
[White "Yakimenko, Alexander"]
[Black "Heimann, Andreas"]
[Result "0-1"]
[WhiteElo "2242"]
[BlackElo "2603"]
[PlyCount "178"]
[EventDate "2017.01.??"]
[EventType "swiss"]
[EventRounds "9"]

1. d4 Nf6 2. c4 g6 3. f3 d5 4. cxd5 Nxd5 5. e4 Nb6 6. Nc3 Bg7 7. Be3 O-O 8. h4
Nc6 9. Qd2 Nxd4 10. O-O-O e5 11. h5 Be6 12. hxg6 fxg6 13. Nh3 Bxh3 14. Rxh3 Qe7
15. Kb1 Rad8 16. Bd3 Rd6 17. Rdh1 h5 18. Nd5 Nxd5 19. exd5 Qf7 20. Be4 c6 21.
dxc6 bxc6 22. Qb4 Rfd8 23. Rd1 Bf8 24. Qa4 c5 25. Rhh1 Rb8 26. Rd2 Rb4 27. Qa5
Rdb6 28. Rc1 Qe6 29. Bd3 c4 30. Be4 R4b5 31. Qa4 c3 32. Rxc3 Bb4 33. Bxd4 exd4
34. Rb3 Ra5 35. Rxb4 Rxa4 36. Rxa4 a6 37. Raxd4 Kg7 38. b3 Kh6 39. Bd5 Qe1+ 40.
Rd1 Qg3 41. R1d2 a5 42. Be4 Qe1+ 43. Rd1 Qf2 44. R1d2 Qe3 45. Kc2 Rb5 46. Rd5
Rxd5 47. Rxd5 Qg1 48. Rd2 Kg5 49. Rd5+ Kf4 50. Rd2 g5 51. Re2 Qd4 52. Bd3 Kg3
53. a4 Qc5+ 54. Bc4 h4 55. Rd2 Qf5+ 56. Bd3 Qf6 57. Bc4 Qf5+ 58. Bd3 Qc5+ 59.
Bc4 Qc8 60. Kb2 Qf5 61. Bd5 Qf6+ 62. Kc2 Qg6+ 63. Be4 Qg7 64. Bd5 Qh7+ 65. Kb2
Qh8+ 66. Kc2 Qa1 67. Re2 Qa2+ 68. Kd3 Qb1+ 69. Kc3 Qc1+ 70. Rc2 Qe3+ 71. Kc4
Qb6 72. Rd2 Qe3 73. Rc2 Qf4+ 74. Kd3 Qd6 75. Kd4 Qf4+ 76. Kd3 Qf5+ 77. Be4 Qe6
78. Rc4 Qb6 79. Kc3 Qf2 80. Bd3 Qe1+ 81. Kc2 Qf2+ 82. Kc3 Qe1+ 83. Kc2 Kxg2 84.
Rg4+ Kxf3 85. Rxg5 h3 86. Bc4 Qe4+ 87. Bd3 Qc6+ 88. Bc4 h2 89. Rf5+ Kg3 0-1

[Event "Schachfestival Basel"]
[Site "?"]
[Date "2017.01.02"]
[Round "1.5"]
[White "Kunin, Vitaly"]
[Black "Kappeler, Kaspar"]
[Result "1/2-1/2"]
[WhiteElo "2576"]
[BlackElo "2241"]
[PlyCount "222"]
[EventDate "2017.01.??"]
[EventType "swiss"]
[EventRounds "9"]

1. d4 d5 2. c4 e6 3. Nc3 Be7 4. Nf3 Nf6 5. Bg5 h6 6. Bh4 O-O 7. e3 Nbd7 8. Qc2
c5 9. Rd1 cxd4 10. exd4 dxc4 11. Bxc4 Nb6 12. Bb3 Nbd5 13. O-O Nxc3 14. bxc3
Bd7 15. Ne5 Rc8 16. Qd3 Be8 17. Rfe1 Nd7 18. Bxe7 Nxe5 19. Rxe5 Qxe7 20. d5 Qf6
21. Bc2 g6 22. Qd4 Bd7 23. d6 Rc4 24. Qxc4 Qxe5 25. Bb3 Rc8 26. Qh4 Qg5 27. Qh3
h5 28. Qd3 Qe5 29. c4 b6 30. h3 Rc5 31. Qf3 Qg5 32. Rd4 Bc6 33. d7 Bxf3 34.
d8=Q+ Kg7 35. Qxg5 Rxg5 36. g3 Re5 37. Kf1 Rc5 38. Rd3 Bc6 39. Rd8 Bf3 40. Rd3
Bc6 41. Rd8 Kf6 42. h4 Ke7 43. Rd2 Bf3 44. Rd3 Be4 45. Re3 Bf5 46. f3 Kd6 47.
Kf2 Re5 48. Rc3 Kc5 49. Bd1 Kd4 50. Ra3 Ra5 51. Rxa5 bxa5 52. Be2 Bb1 53. a3
Ba2 54. c5 Kxc5 55. Ke3 e5 56. f4 Kd6 57. f5 Bb1 58. fxg6 fxg6 59. g4 hxg4 60.
Bxg4 Ke7 61. Bf3 Kf6 62. Bg4 Bf5 63. Be2 g5 64. hxg5+ Kxg5 65. Bf1 Kf6 66. Be2
Ke6 67. Bf1 Kd5 68. Be2 Kc5 69. Bf1 Bh7 70. Be2 Bg6 71. Bf1 Bf5 72. Be2 Bb1 73.
Bf1 Bc2 74. Be2 Bf5 75. Bf1 Kd5 76. Be2 Bb1 77. Bf1 Ba2 78. Ba6 Bc4 79. Bb7+
Kc5 80. Ke4 Kd6 81. Ke3 Bd5 82. Ba6 Kc5 83. Bf1 Bc4 84. Bh3 Bb5 85. Ke4 Kd6 86.
Bg4 Bf1 87. Bf3 Bc4 88. Ke3 Kc5 89. Bh5 Bd5 90. Be2 Bc6 91. Bf1 Bb5 92. Bh3 Kc4
93. Bf1+ Kc5 94. Bh3 a6 95. Ke4 Kd6 96. Bg4 Bc6+ 97. Kd3 Kd5 98. Bf5 Bb5+ 99.
Kc3 e4 100. Bxe4+ Kxe4 101. a4 Kd5 102. Kb2 Kc4 103. Ka1 Kb3 104. Kb1 Bd7 105.
Ka1 Kc2 106. Ka2 Kc1 107. Ka1 Be8 108. Ka2 Bb5 109. Ka1 Kc2 110. Ka2 Bc4+ 111.
Ka1 Bd5 1/2-1/2

[Event "Schachfestival Basel"]
[Site "?"]
[Date "2017.01.02"]
[Round "1.6"]
[White "Keetman, Maaike"]
[Black "Pelletier, Yannick"]
[Result "1/2-1/2"]
[WhiteElo "2232"]
[BlackElo "2576"]
[PlyCount "127"]
[EventDate "2017.01.??"]
[EventType "swiss"]
[EventRounds "9"]

1. e4 c6 2. Nc3 d5 3. Nf3 dxe4 4. Nxe4 Nd7 5. Bc4 e6 6. d4 Be7 7. Bf4 Ngf6 8.
Nxf6+ Nxf6 9. Qe2 O-O 10. O-O Nd5 11. Bg3 b6 12. Ne5 Bb7 13. Rad1 Qc8 14. Bd3
Nf6 15. Bh4 Qc7 16. Rfe1 Rad8 17. Bg3 Qc8 18. Bh4 c5 19. Ng4 Qc6 20. Nxf6+ Bxf6
21. Be4 Qxe4 22. Qxe4 Bxe4 23. Bxf6 gxf6 24. Rxe4 Rd5 25. Rg4+ Kh8 26. Rd3 Rfd8
27. c3 e5 28. Rh4 exd4 29. cxd4 Rxd4 30. Rhxd4 cxd4 31. Kf1 Kg7 32. Rg3+ Kf8
33. Ke2 Re8+ 34. Kd3 Re1 35. Rf3 Rb1 36. Kc2 Rg1 37. g3 Ke7 38. Rf4 Rh1 39. h4
Rf1 40. Kd3 Rd1+ 41. Kc2 Rf1 42. Re4+ Kd6 43. Rxd4+ Ke5 44. Rf4 Ra1 45. Ra4 a5
46. Kd3 f5 47. Kd2 Rb1 48. Kc3 h5 49. f4+ Ke6 50. Rd4 Rc1+ 51. Kd2 Rg1 52. Rd3
b5 53. Kc3 Rg2 54. Kb3 f6 55. Ka3 Rc2 56. Kb3 Rc6 57. Rd4 Rc5 58. Rd3 Rd5 59.
Kc2 Rxd3 60. Kxd3 Kd5 61. b3 Kc5 62. Kc3 Kd5 63. Kd3 Kc5 64. Kc3 1/2-1/2

[Event "Schachfestival Basel"]
[Site "?"]
[Date "2017.01.02"]
[Round "1.7"]
[White "Abasov, Nijat Azad"]
[Black "Ruff, Maximilian"]
[Result "1-0"]
[WhiteElo "2561"]
[BlackElo "2228"]
[PlyCount "55"]
[EventDate "2017.01.??"]
[EventType "swiss"]
[EventRounds "9"]

1. c4 c5 2. Nc3 g6 3. Nf3 Bg7 4. e3 Nf6 5. d4 cxd4 6. exd4 d5 7. Bg5 Ne4 8.
cxd5 Nxc3 9. bxc3 Qxd5 10. Be2 Nc6 11. O-O O-O 12. c4 Qd6 13. d5 Nb4 14. Qd2
Bxa1 15. Rxa1 Na6 16. Rb1 b6 17. Bf4 Qd8 18. Ne5 Bd7 19. Bh6 Re8 20. Bd3 Qc7
21. Re1 Nc5 22. Qc3 f6 23. Nxg6 hxg6 24. Bxg6 Na4 25. Qd3 Kh8 26. Qd4 Kg8 27.
Qh4 e5 28. Bg7 1-0

[Event "Schachfestival Basel"]
[Site "?"]
[Date "2017.01.02"]
[Round "1.8"]
[White "Heinemann, Josefine"]
[Black "Bai, Jinshi"]
[Result "0-1"]
[WhiteElo "2227"]
[BlackElo "2560"]
[PlyCount "80"]
[EventDate "2017.01.??"]
[EventType "swiss"]
[EventRounds "9"]

1. e4 c5 2. Nf3 e6 3. d4 cxd4 4. Nxd4 Nc6 5. Nc3 Qc7 6. g3 a6 7. Bg2 Nf6 8. O-O
Bc5 9. Nb3 Ba7 10. Qe2 Ne5 11. a4 d6 12. Be3 Bxe3 13. Qxe3 Nc4 14. Qc1 O-O 15.
Kh1 Bd7 16. Nd4 Qb6 17. Nce2 Qxb2 18. Qxb2 Nxb2 19. Rfb1 Nxa4 20. Rxb7 Nc5 21.
Rb6 Nfxe4 22. Nb3 d5 23. Nxc5 Nxc5 24. c4 Rab8 25. Rxb8 Rxb8 26. cxd5 Rb2 27.
dxe6 Bxe6 28. Bf1 g5 29. f4 Nb3 30. Re1 a5 31. Nc3 gxf4 32. gxf4 Rf2 33. Kg1
Rxf4 34. Rd1 Kg7 35. Bb5 Nd4 36. Ba4 Bh3 37. Be8 Kf8 38. Ba4 h5 39. Rb1 Nf3+
40. Kh1 Rg4 0-1

[Event "Schachfestival Basel"]
[Site "?"]
[Date "2017.01.02"]
[Round "1.9"]
[White "Svane, Rasmus"]
[Black "Vulevic, Vjekoslav"]
[Result "1-0"]
[WhiteElo "2560"]
[BlackElo "2225"]
[PlyCount "59"]
[EventDate "2017.01.??"]
[EventType "swiss"]
[EventRounds "9"]

1. Nf3 Nf6 2. c4 e6 3. Nc3 Bb4 4. Qc2 O-O 5. a3 Bxc3 6. Qxc3 c5 7. b4 b6 8. Bb2
d6 9. e3 Nbd7 10. Be2 Bb7 11. O-O Rc8 12. d4 d5 13. dxc5 bxc5 14. b5 Nb6 15. a4
Nxc4 16. Bxc4 dxc4 17. Rfd1 Qe7 18. Nd2 Rfd8 19. Nxc4 Ne8 20. f3 f6 21. Ba3 f5
22. Rxd8 Qxd8 23. Rc1 Bd5 24. Ne5 c4 25. Qd4 Qa5 26. e4 fxe4 27. fxe4 Qxa4 28.
Bb2 Qxb5 29. exd5 exd5 30. Qg4 1-0

[Event "Schachfestival Basel"]
[Site "?"]
[Date "2017.01.02"]
[Round "1.10"]
[White "Srienz, Christian"]
[Black "Donchenko, Alexander"]
[Result "0-1"]
[WhiteElo "2223"]
[BlackElo "2559"]
[PlyCount "67"]
[EventDate "2017.01.??"]
[EventType "swiss"]
[EventRounds "9"]

1. Nf3 Nf6 2. d4 d5 3. Bf4 c5 4. e3 Nc6 5. c3 Qb6 6. Qb3 c4 7. Qxb6 axb6 8.
Nbd2 b5 9. h3 b4 10. Be2 Bf5 11. g4 Bg6 12. O-O bxc3 13. bxc3 h6 14. Ne5 Nxe5
15. dxe5 Nd7 16. e4 e6 17. exd5 exd5 18. Bf3 Ra5 19. Rfe1 Nc5 20. e6 Nd3 21. e7
Nxf4 22. exf8=Q+ Kxf8 23. Nf1 Nxh3+ 24. Kg2 Ng5 25. Ne3 Nxf3 26. Kxf3 Bd3 27.
Kf4 g5+ 28. Ke5 Kg7 29. Kd4 Kg6 30. a3 Re8 31. f3 Re6 32. Ra2 Rf6 33. Rb2 Rf4+
34. Ke5 0-1

[Event "Schachfestival Basel"]
[Site "?"]
[Date "2017.01.02"]
[Round "1.11"]
[White "Schroeder, Jan Christian"]
[Black "Jakel, Wolfgang"]
[Result "1-0"]
[WhiteElo "2550"]
[BlackElo "2223"]
[PlyCount "61"]
[EventDate "2017.01.??"]
[EventType "swiss"]
[EventRounds "9"]

1. e4 e5 2. Bc4 Nf6 3. d3 Nc6 4. Nf3 Bc5 5. O-O d6 6. c3 Bb6 7. a4 a5 8. Na3
Bg4 9. h3 Bh5 10. Bb3 O-O 11. Nc4 Ba7 12. g4 Bg6 13. Bg5 h6 14. Bh4 Bh7 15. Ne3
g5 16. Bg3 Ne7 17. h4 gxh4 18. Nxh4 Qd7 19. Nef5 Bxf5 20. gxf5 Kg7 21. Kh1 Kh7
22. Qe2 Nc6 23. Ng2 Rg8 24. Bh4 Qe7 25. Rg1 Rg7 26. Ne3 Bxe3 27. Rxg7+ Kxg7 28.
Qxe3 Kh7 29. Rg1 Re8 30. Qg3 Nh5 31. Qg4 1-0

[Event "Schachfestival Basel"]
[Site "?"]
[Date "2017.01.02"]
[Round "1.12"]
[White "Pfatteicher, Lukas"]
[Black "Gao, Rui"]
[Result "0-1"]
[WhiteElo "2222"]
[BlackElo "2544"]
[PlyCount "54"]
[EventDate "2017.01.??"]
[EventType "swiss"]
[EventRounds "9"]

1. d4 Nf6 2. c4 g6 3. Nc3 d5 4. cxd5 Nxd5 5. e4 Nxc3 6. bxc3 Bg7 7. Qa4+ Qd7 8.
Qa3 b6 9. Bg5 h6 10. Be3 Bb7 11. d5 c6 12. Rd1 cxd5 13. exd5 Qd6 14. Bb5+ Nd7
15. Qb3 O-O 16. Bxd7 Qxd7 17. Nf3 Ba6 18. Nd4 Qg4 19. Kd2 Qxg2 20. Rhg1 Qe4 21.
Rge1 Rfd8 22. Bg5 Qg2 23. Bxe7 Rxd5 24. Kc1 Rc8 25. Kb1 Bc4 26. Qb2 Qxh2 27.
Re4 Bd3+ 0-1

[Event "Schachfestival Basel"]
[Site "?"]
[Date "2017.01.02"]
[Round "1.13"]
[White "Bellahcene, Bilel"]
[Black "Roe, Simon"]
[Result "1/2-1/2"]
[WhiteElo "2493"]
[BlackElo "2211"]
[PlyCount "81"]
[EventDate "2017.01.??"]
[EventType "swiss"]
[EventRounds "9"]

1. d4 d5 2. Nf3 e6 3. g3 c5 4. Bg2 Nc6 5. O-O Nf6 6. c4 Be7 7. cxd5 exd5 8. Nc3
O-O 9. Bg5 c4 10. Ne5 Be6 11. b3 h6 12. Bxf6 Bxf6 13. Nxc6 bxc6 14. bxc4 dxc4
15. e3 Qa5 16. Qc2 Rac8 17. Rac1 Rfd8 18. Qa4 Qxa4 19. Nxa4 Be7 20. Rfd1 Bg4
21. Rd2 Bb4 22. Rdc2 Ba3 23. Re1 Be6 24. Rd1 Bg4 25. f3 Be6 26. f4 Rd6 27. Rb1
c5 28. Nc3 cxd4 29. Nb5 d3 30. Rc3 Bc5 31. Nxd6 Bxd6 32. Kf2 a5 33. a3 Be7 34.
Ke1 Bf6 35. Kd2 Bxc3+ 36. Kxc3 Rd8 37. Rb2 Bg4 38. Rd2 Be6 39. Rb2 Bg4 40. Rd2
Be6 41. Rb2 1/2-1/2

[Event "Schachfestival Basel"]
[Site "?"]
[Date "2017.01.02"]
[Round "1.14"]
[White "Tschann, Stephan"]
[Black "Karthikeyan, P."]
[Result "0-1"]
[WhiteElo "2208"]
[BlackElo "2488"]
[PlyCount "62"]
[EventDate "2017.01.??"]
[EventType "swiss"]
[EventRounds "9"]

1. d4 Nf6 2. c4 e6 3. Nc3 Bb4 4. e3 O-O 5. Nge2 Re8 6. a3 Bf8 7. Ng3 d5 8. Be2
a5 9. O-O Nbd7 10. b3 g6 11. Bb2 h5 12. f4 b6 13. Bf3 Bb7 14. Nh1 Rc8 15. Nf2
c5 16. dxc5 Bxc5 17. cxd5 exd5 18. Nxd5 Bxd5 19. Bxd5 Nxd5 20. Qxd5 Bxe3 21.
Bd4 Nc5 22. Qxd8 Rcxd8 23. Bxe3 Rxe3 24. b4 Nb3 25. Ra2 a4 26. Rc2 Nd4 27. Ra2
Ne2+ 28. Kh1 Nxf4 29. g4 h4 30. Nd1 Rf3 31. Re1 Rdd3 0-1

[Event "Schachfestival Basel"]
[Site "?"]
[Date "2017.01.02"]
[Round "1.15"]
[White "Deepan Chakkravarthy, J."]
[Black "Furman, Boris"]
[Result "1-0"]
[WhiteElo "2485"]
[BlackElo "2205"]
[PlyCount "65"]
[EventDate "2017.01.??"]
[EventType "swiss"]
[EventRounds "9"]

1. Nf3 d5 2. g3 Nf6 3. Bg2 c5 4. O-O Nc6 5. d4 cxd4 6. Nxd4 e6 7. c4 Bc5 8. Nb3
Be7 9. Nc3 dxc4 10. Nd2 Ne5 11. h3 h5 12. Qc2 Qc7 13. Nb5 Qc5 14. a4 O-O 15. b4
cxb3 16. Qxb3 Qb4 17. Qa2 Qa5 18. Nb3 Qd8 19. Bf4 a6 20. Rfd1 Bd7 21. Bxe5 axb5
22. a5 Nd5 23. e4 Nb4 24. Qd2 Bc6 25. Qc3 Qe8 26. Bxg7 Rc8 27. Bh6 f6 28. Bxf8
Qxf8 29. Nd4 Bxe4 30. Qe3 Bd5 31. Nxe6 Nc2 32. Nxf8 Nxe3 33. Bxd5+ 1-0

[Event "Schachfestival Basel"]
[Site "?"]
[Date "2017.01.02"]
[Round "1.16"]
[White "Lorscheid, Gerhard"]
[Black "Korpa, Bence"]
[Result "0-1"]
[WhiteElo "2203"]
[BlackElo "2473"]
[PlyCount "50"]
[EventDate "2017.01.??"]
[EventType "swiss"]
[EventRounds "9"]

1. d4 Nf6 2. c4 e6 3. Nc3 Bb4 4. Qc2 O-O 5. a3 Bxc3+ 6. Qxc3 d5 7. Bg5 c5 8.
dxc5 d4 9. Qc2 e5 10. e3 Nc6 11. b4 Qe7 12. Ne2 a5 13. b5 Nb8 14. Ng3 h6 15.
Bxf6 Qxf6 16. exd4 exd4 17. Bd3 Re8+ 18. Kf1 Nd7 19. Ne4 Rxe4 20. Bxe4 d3 21.
Qa2 Nxc5 22. Bd5 Be6 23. Bxe6 fxe6 24. h4 Ne4 25. Rh3 Rd8 0-1

[Event "Schachfestival Basel"]
[Site "?"]
[Date "2017.01.02"]
[Round "1.17"]
[White "Collins, Sam"]
[Black "Sieber, Fiona"]
[Result "1-0"]
[WhiteElo "2455"]
[BlackElo "2203"]
[PlyCount "63"]
[EventDate "2017.01.??"]
[EventType "swiss"]
[EventRounds "9"]

1. d4 Nf6 2. Nf3 g6 3. Bg5 Ne4 4. Bf4 d5 5. e3 Bg7 6. c4 c5 7. Nc3 Nxc3 8. bxc3
Nc6 9. cxd5 Qxd5 10. Be2 O-O 11. O-O cxd4 12. cxd4 Bf5 13. Qa4 Rac8 14. Rac1 a6
15. Rc5 Qd7 16. Qb3 Rfd8 17. Bc4 e6 18. d5 Ne7 19. Rxc8 Qxc8 20. dxe6 Bxe6 21.
Bxe6 fxe6 22. Bg5 Re8 23. e4 Nc6 24. Rc1 Qd7 25. Rd1 Qc7 26. h3 Na5 27. Qd3 Rc8
28. Bd8 Qc5 29. Bxa5 Qxa5 30. Qd7 Rc6 31. Qe8+ Bf8 32. Rd7 1-0

[Event "Schachfestival Basel"]
[Site "?"]
[Date "2017.01.02"]
[Round "1.18"]
[White "Schleich, Markus"]
[Black "Asadli, Vugar"]
[Result "1/2-1/2"]
[WhiteElo "2196"]
[BlackElo "2427"]
[PlyCount "75"]
[EventDate "2017.01.??"]
[EventType "swiss"]
[EventRounds "9"]

1. e4 g6 2. d4 Bg7 3. Nc3 d6 4. Be3 Nc6 5. Nf3 Bg4 6. d5 Ne5 7. Bb5+ Nd7 8. h3
Bxf3 9. Qxf3 a6 10. Be2 Ngf6 11. O-O O-O 12. Qg3 b5 13. a3 Qb8 14. f3 Rc8 15.
Na2 a5 16. Nc3 c6 17. dxc6 Rxc6 18. Rfc1 b4 19. Nb5 Nh5 20. Qh4 Bf6 21. Bg5
Qb6+ 22. Kh2 Bxb2 23. axb4 a4 24. c3 e5 25. Qe1 Nf8 26. Bf1 Ne6 27. Be3 Qd8 28.
Qd2 Bxc1 29. Rxc1 Qh4 30. c4 Ng3 31. Qd5 Raa6 32. Na3 Nf4 33. Qd2 Ra8 34. b5
Rcc8 35. Bd3 Ngh5 36. Bf1 Ng3 37. Bd3 Ngh5 38. Bf1 1/2-1/2

[Event "Schachfestival Basel"]
[Site "?"]
[Date "2017.01.02"]
[Round "1.19"]
[White "Benkovic, Petar"]
[Black "Guennigmann, Manuel"]
[Result "1/2-1/2"]
[WhiteElo "2424"]
[BlackElo "2183"]
[PlyCount "99"]
[EventDate "2017.01.??"]
[EventType "swiss"]
[EventRounds "9"]

1. Nf3 Nf6 2. c4 d6 3. d4 Nbd7 4. Nc3 e5 5. e4 Be7 6. Be2 O-O 7. O-O c6 8. Re1
a6 9. Qc2 Qc7 10. a3 Re8 11. b4 b5 12. Bb2 Bb7 13. Rad1 Bf8 14. dxe5 Nxe5 15.
Nxe5 dxe5 16. c5 Rad8 17. Bd3 Nh5 18. Ne2 Bc8 19. Qc3 Be6 20. Bc2 Bc4 21. g3
Rxd1 22. Bxd1 Nf6 23. Bc2 Qd7 24. Kg2 h5 25. Ng1 Qe7 26. Nf3 Nd7 27. Rd1 f6 28.
Bb3 Bxb3 29. Qxb3+ Kh7 30. h4 Kh8 31. Rd3 Nb8 32. Qd1 Qf7 33. Ne1 Qg6 34. Qf3
Be7 35. Nc2 Rd8 36. Rxd8+ Bxd8 37. Ne3 Bc7 38. Nf5 Qf7 39. g4 Qg6 40. Kh3 hxg4+
41. Qxg4 Qxg4+ 42. Kxg4 g6 43. Ne7 Kg7 44. h5 gxh5+ 45. Kxh5 Kf7 46. Nf5 Nd7
47. Nh6+ Kg7 48. Nf5+ Kf7 49. Nh6+ Kg7 50. Nf5+ 1/2-1/2

[Event "Schachfestival Basel"]
[Site "?"]
[Date "2017.01.02"]
[Round "1.20"]
[White "Beukema, Jasper"]
[Black "Antal, Tibor Kende"]
[Result "1/2-1/2"]
[WhiteElo "2182"]
[BlackElo "2420"]
[PlyCount "154"]
[EventDate "2017.01.??"]
[EventType "swiss"]
[EventRounds "9"]

1. e4 c5 2. Be2 Nc6 3. f4 g6 4. Nf3 Bg7 5. O-O d5 6. d3 e6 7. c3 Nge7 8. Qe1 f5
9. e5 Bd7 10. Be3 Qc7 11. Bxc5 Nxe5 12. Nxe5 Qxc5+ 13. d4 Qc7 14. Nxd7 Qxd7 15.
Nd2 Nc8 16. Bf3 O-O 17. Nb3 Re8 18. Nc5 Qc6 19. Qd1 Nd6 20. Qb3 Ne4 21. Bxe4
fxe4 22. a4 Bf8 23. Qb5 Rec8 24. Nb3 a6 25. Qe2 Qb6 26. Qd1 Rc7 27. Rb1 a5 28.
Na1 Rc4 29. Nc2 Rxa4 30. Ne3 Ra2 31. Qg4 Bg7 32. h4 Rf8 33. Rf2 a4 34. h5 Rf6
35. hxg6 Rxg6 36. Qh5 a3 37. f5 Rf6 38. fxe6 Qxe6 39. Rxf6 Qxf6 40. Qxd5+ Qf7
41. bxa3 Bh6 42. Qxf7+ Kxf7 43. Rxb7+ Kf8 44. Nd5 Bd2 45. Kf1 Rxa3 46. c4 Rd3
47. c5 Rxd4 48. Nf6 Bf4 49. Nxh7+ Ke8 50. Nf6+ Kd8 51. Rb2 e3 52. Ke2 Bg5 53.
Nh5 Rh4 54. Ng7 Kd7 55. Rb7+ Kc8 56. Rf7 Rd4 57. Rf1 Rd2+ 58. Kf3 Kd7 59. g3
Rd5 60. g4 Rxc5 61. Rd1+ Ke7 62. Nf5+ Kf6 63. Nd6 Re5 64. Ne4+ Ke7 65. Rd4 Bh6
66. Ra4 Kf7 67. Ra7+ Kg6 68. Ra6+ Kg7 69. Ng3 Bg5 70. Nf5+ Kf7 71. Ra7+ Kf8 72.
Nd4 Kg8 73. Rd7 Kf8 74. Rh7 Kg8 75. Rh5 Bf6 76. Rxe5 Bxe5 77. Kxe3 Bxd4+
1/2-1/2

[Event "Schachfestival Basel"]
[Site "?"]
[Date "2017.01.02"]
[Round "1.21"]
[White "Kevlishvili, Robby"]
[Black "Curien, Nicolas"]
[Result "1-0"]
[WhiteElo "2417"]
[BlackElo "2175"]
[PlyCount "77"]
[EventDate "2017.01.??"]
[EventType "swiss"]
[EventRounds "9"]

1. e4 e6 2. d4 d5 3. Nd2 Be7 4. Ngf3 Nf6 5. e5 Nfd7 6. Bd3 c5 7. c3 Nc6 8. O-O
a5 9. a4 cxd4 10. cxd4 Nb4 11. Bb5 O-O 12. Nb1 f6 13. exf6 Nxf6 14. Nc3 Bd6 15.
Re1 Qc7 16. h3 h6 17. Ne5 Bxe5 18. Rxe5 Bd7 19. Bf4 Qb6 20. Re2 Rac8 21. Be5
Bxb5 22. Nxb5 Rc6 23. Rc1 Rfc8 24. Rxc6 Qxc6 25. Bxf6 gxf6 26. Re1 Re8 27. Qh5
Re7 28. Qxh6 e5 29. Rc1 Rh7 30. Rxc6 Rxh6 31. Rc8+ Kg7 32. Rc7+ Kg6 33. Rxb7
Rh4 34. dxe5 fxe5 35. Rb6+ Kf5 36. Nd6+ Kg5 37. Nf7+ Kf5 38. g4+ Ke4 39. Kg2
1-0

[Event "Schachfestival Basel"]
[Site "?"]
[Date "2017.01.02"]
[Round "1.22"]
[White "Xheladini, Mahmut"]
[Black "Seul, Georg"]
[Result "0-1"]
[WhiteElo "2171"]
[BlackElo "2405"]
[PlyCount "204"]
[EventDate "2017.01.??"]
[EventType "swiss"]
[EventRounds "9"]

1. e4 d6 2. d4 g6 3. Nf3 Nf6 4. Nc3 Bg7 5. Be3 O-O 6. e5 dxe5 7. Nxe5 Nbd7 8.
Nxd7 Bxd7 9. Bc4 Bc6 10. O-O Nd5 11. Nxd5 Bxd5 12. Bxd5 Qxd5 13. c3 e6 14. Qb3
Rfd8 15. Rfd1 a5 16. Qxd5 Rxd5 17. Kf1 a4 18. Ke2 Kf8 19. Rd3 Ke8 20. Rad1 Rad8
21. R1d2 c6 22. h3 R8d7 23. Rd1 Bf6 24. R3d2 Rb5 25. Kd3 Ra5 26. Kc2 h5 27. g4
Ke7 28. Bf4 Rad5 29. Re1 Rd8 30. Rde2 hxg4 31. hxg4 Rh8 32. Bg3 Rh3 33. Re3 Rh8
34. Rf3 Bg7 35. Rfe3 Kd7 36. R3e2 Rh3 37. Rg1 Bf6 38. f3 Bh4 39. Bxh4 Rxh4 40.
Rgg2 Rh1 41. Rh2 Rf1 42. Ref2 Ra1 43. a3 Ke7 44. Rh8 Kf6 45. f4 Rg1 46. g5+ Kf5
47. Rh7 Rd7 48. Rh3 Kg4 49. Rh7 Rg3 50. Rh1 Rf3 51. Rxf3 Kxf3 52. Rf1+ Ke3 53.
b3 axb3+ 54. Kxb3 Ke2 55. Rb1 Ke3 56. Rf1 Ke2 57. Rb1 Kf3 58. Rf1+ Kg2 59. Rb1
Kg3 60. Rf1 Rd5 61. a4 Rf5 62. Kc4 b5+ 63. axb5 cxb5+ 64. Kb4 Kg2 65. Re1 Kf3
66. Rf1+ Ke3 67. Ka5 Ke2 68. Rh1 Kd3 69. Kb4 Ke3 70. Rf1 Ke2 71. Rh1 Kf3 72.
Rf1+ Kg2 73. Re1 Kg3 74. Rf1 Kg4 75. Ka5 Rd5 76. Rf2 Kf5 77. Kb4 Ke4 78. Ka5
Kd3 79. Kb4 Rd7 80. Rf3+ Ke4 81. Rf2 Rc7 82. Rf1 Ke3 83. Kb3 Rc4 84. Re1+ Kd2
85. Rf1 Rxc3+ 86. Kb2 Rc4 87. d5 exd5 88. f5 Rb4+ 89. Ka3 Rg4 90. fxg6 fxg6 91.
Rf6 Rxg5 92. Rd6 Kc3 93. Rc6+ Kd3 94. Kb3 d4 95. Rd6 Ke3 96. Re6+ Kd2 97. Rd6
d3 98. Kb2 Ke2 99. Re6+ Kd1 100. Rd6 d2 101. Re6 Rg1 102. Kb1 Re1 0-1

[Event "Schachfestival Basel"]
[Site "?"]
[Date "2017.01.02"]
[Round "1.23"]
[White "Alvarez Marquez, Johan"]
[Black "Muetsch, Annmarie"]
[Result "1-0"]
[WhiteElo "2404"]
[BlackElo "2163"]
[PlyCount "93"]
[EventDate "2017.01.??"]
[EventType "swiss"]
[EventRounds "9"]

1. d4 Nf6 2. c4 e6 3. Nc3 Bb4 4. e3 b6 5. Nge2 Ne4 6. Bd2 Nxd2 7. Qxd2 Bb7 8.
a3 Be7 9. d5 O-O 10. g3 d6 11. Bg2 e5 12. O-O Nd7 13. Qc2 a5 14. b4 g6 15. f4
Bf6 16. f5 Bg5 17. Qd3 Bc8 18. e4 Nf6 19. h4 Bh6 20. Bh3 g5 21. Qe3 Ne8 22. Kg2
Qf6 23. hxg5 Bxg5 24. Qf3 Kg7 25. b5 Rh8 26. Bg4 Kf8 27. Rh1 Qd8 28. Rh5 h6 29.
Rah1 Ng7 30. R5h3 Ne8 31. Nd1 Nf6 32. Nf2 Ke7 33. Nf4 exf4 34. gxf4 Qg8 35.
fxg5 Qxg5 36. Rg3 Nd7 37. Bh5 Qf6 38. Ng4 Qb2+ 39. Qf2 Qxf2+ 40. Kxf2 Nf6 41.
Nxf6 Kxf6 42. Rhg1 Bb7 43. Bxf7 Kxf7 44. Rg7+ Kf6 45. Rxc7 Rab8 46. Rg6+ Ke5
47. Ke3 1-0